Normal view
MARC view
- Java computer Program Language
Entry Topical Term
001 - CONTROL NUMBER
- control field: 6536
003 - CONTROL NUMBER IDENTIFIER
- control field: JO-AjAnu
005 - DATE AND TIME OF LATEST TRANSACTION
- control field: 20230606071347.0
008 - FIXED-LENGTH DATA ELEMENTS
- fixed length control field: 230606|| aca||aabn | a|a d
040 ## - CATALOGING SOURCE
- Original cataloging agency: JO-AjAnu
- Transcribing agency: JO-AjAnu
150 ## - HEADING--TOPICAL TERM
- Topical term or geographic name entry element: Java computer Program Language
670 ## - SOURCE DATA FOUND
- Source citation: Work cat.: (JO-AjAnu)3388: Selikoff, Scott, Jeanne Boyarsky, author 6535, OCP Oracle Certified Professional Java SE 11 Programmer II: Study Guide Exam IZO-816 and IZO-817